Przybrane imiona papieży (19/20/21w.) - Statystyki

Ogólne statystyki
  • Ten quiz został rozwiązany 37 razy
  • Średni wynik to 13 z 16
Statystyki odpowiedzi
Rok Panowania Imię i Nazwisko Wybrane Imię % Poprawnych
1914 - 1922 Giacomo Chiesa Benedykt XV
100%
2013 - 2025 Jorge Mario Bergoglio Franciszek
100%
1978 - 1978 Albino Luciani Jan Paweł I
100%
1978 - 2005 Karol Wojtyła Jan Paweł II
100%
2005 - 2013 Joseph Ratzinger Benedykt XVI
97%
2025 - ? Robert Francis Prevost Leon XIV
94%
1903 - 1914 Giuseppe Sarto Pius X
79%
1922 - 1939 Damiano Ratti Pius XI
76%
1939 - 1958 Giuseppe Giovanni Pacelli Pius XII
76%
1823 - 1829 Annibale Sermattei Genga Leon XII
74%
1878 - 1903 Raffaele Luigi Pecci Leon XIII
74%
1963 - 1978 Antonio Maria Montini Paweł VI
71%
1958 - 1963 Angelo Giuseppe Roncalli Jan XXIII
68%
1846 - 1878 Giovanni Maria Mastai-Ferretti Pius IX
59%
1829 - 1830 Francesco Severio Castiglione Pius VIII
50%
1831 - 1846 Bartolomeo Albert Cappellari Grzegorz XVI
35%
Nie znaleziono quizów pasujących do podanych kryteriów
Rozkład punktacji
Procent ludzi z każdym wynikiem
Percentyl według liczby udzielonych odpowiedzi
Twoja historia wyników
Nie rozwiązałeś tego quizu